[Event "Lindores Abbey Tal Mem"]
[Site "Riga LAT"]
[Date "2021.11.08"]
[Round "6.18"]
[White "Henriquez Villagra, Cristobal"]
[Black "Ponomariov, Ruslan"]
[Result "0-1"]
[WhiteTitle "GM"]
[BlackTitle "GM"]
[WhiteElo "2608"]
[BlackElo "2633"]
[WhiteFideId "3409350"]
[BlackFideId "14103320"]
[EventDate "2021.11.08"]

1. d4 d5 2. Bf4 Nf6 3. Nf3 e6 4. Nbd2 Bd6 5. Bg5 Nbd7 6. e4 dxe4 7. Nxe4 h6 8.
Nxd6+ cxd6 9. Bf4 Qb6 10. Bd3 Qxb2 11. O-O Qb6 12. Rb1 Qc7 13. c4 b6 14. c5 bxc5
15. dxc5 Nxc5 16. Bb5+ Ke7 17. Re1 Rd8 18. Nd4 Kf8 19. Nc6 Bb7 20. Nxd8 Rxd8 21.
f3 Nd5 22. Bd2 Bc6 23. Qc2 Rc8 24. Bf1 Kg8 25. Rec1 Ba4 26. Qc4 a6 27. Qg4 Kf8
28. Kh1 Qd7 29. Be1 Bb5 30. Bxb5 axb5 31. Bf2 Nd3 32. Rxc8+ Qxc8 33. Bg1 Qc6 34.
Qd4 Nc5 35. Qb2 b4 36. Qc2 Qb5 37. Qh7 Qe2 38. Qh8+ Ke7 39. Qxg7 Qxa2 40. Ra1
Qd2 41. Ra7+ Nd7 42. Rb7 e5 43. Qg4 Nf6 44. Qxb4 Qd1 45. Qb1 Qd5 46. Ra7 Ke6 47.
Qa2 Qxa2 48. Rxa2 h5 49. Bf2 Nd5 50. Kg1 f5 51. Kf1 Nf4 52. Ra6 Nd3 53. Be3 f4
54. Bd2 N3c5 55. Ra8 Nf6 56. Bb4 Ncd7 57. Rh8 d5 58. Ba5 d4 59. Bd8 Kf5 60. Bxf6
Nxf6 61. Rf8 Ke6 62. Ke2 Ke7 63. Rh8 Ke6 64. Kd3 Kd6 65. Kc4 Ke6 66. Ra8 Kf5 67.
Ra7 Ke6 68. Rb7 Kf5 69. Re7 Ng8 70. Rh7 Nf6 71. Rh8 Ke6 72. h4 Kd6 73. Rf8 Ke7
74. Ra8 Ke6 75. Ra6+ Kf5 76. Kc5 d3 77. Kc4 e4 78. Ra5+ Ke6 79. fxe4 d2 80. Ra1
Nxe4 81. Kd3 0-1

[Event "Lindores Abbey Tal Mem"]
[Site "Riga LAT"]
[Date "2021.11.08"]
[Round "6.56"]
[White "Assaubayeva, Bibisara"]
[Black "Vantika, Agrawal"]
[Result "1-0"]
[WhiteTitle "IM"]
[BlackTitle "WIM"]
[WhiteElo "2400"]
[BlackElo "2329"]
[WhiteFideId "13708694"]
[BlackFideId "25050389"]
[EventDate "2021.11.08"]

1. d4 Nf6 2. c4 g6 3. Nc3 Bg7 4. e4 d6 5. Be2 O-O 6. Be3 Nbd7 7. h4 c5 8. d5 b5
9. cxb5 a6 10. a4 Qa5 11. Bd2 axb5 12. Bxb5 Ba6 13. Nge2 Bxb5 14. Nxb5 Qb6 15.
Nec3 Ne5 16. Qe2 c4 17. O-O Rfc8 18. Be3 Qa5 19. Bd4 Nfd7 20. f4 Nd3 21. Bxg7
Kxg7 22. b3 Qb4 23. Rab1 N7c5 24. bxc4 Qxc4 25. Rf3 Rcb8 26. Rd1 Rxa4 27. Rfxd3
Nxd3 28. Qxd3 Qxd3 29. Rxd3 Rb4 30. Nd4 Rc4 31. Nce2 Rb1+ 32. Kh2 Rb2 33. Kg3 h5
34. Kf3 Kf6 35. g3 e6 36. dxe6 fxe6 37. Ke3 e5 38. Nf3 Rc6 39. Rxd6+ Rxd6 40.
fxe5+ Ke6 41. Nf4+ Kd7 42. exd6 Rb3+ 43. Nd3 Kxd6 44. Ne5 Ke6 45. Nxg6 Kf6 46.
Nf4 Ke7 47. Nxh5 Ke6 48. Nf4+ Kf6 49. g4 Rb1 50. g5+ Kg7 51. h5 Rg1 52. g6 Rg3+
53. Kd4 Rg4 54. Ke5 Rg5+ 55. Ke6 Rg3 56. Kf5 Re3 57. Nc5 Re1 58. Nce6+ Kh6 59.
Ng5 Rf1 60. Nf7+ Kg7 61. h6+ Kf8 62. h7 Rh1 63. Kf6 Rh4 64. g7+ Ke8 65. g8=Q+
Kd7 66. Ng6 Rh1 67. Nge5+ Kc7 68. Qd8+ Kb7 69. Nd6+ Ka7 70. Qc7+ Ka6 71. Qb7+
Ka5 72. Qb5# 1-0

[Event "Lindores Abbey Tal Mem"]
[Site "Riga LAT"]
[Date "2021.11.08"]
[Round "7.19"]
[White "Navara, David"]
[Black "Vokhidov, Shamsiddin"]
[Result "1-0"]
[WhiteTitle "GM"]
[BlackTitle "GM"]
[WhiteElo "2699"]
[BlackElo "2521"]
[WhiteFideId "309095"]
[BlackFideId "14204223"]
[EventDate "2021.11.08"]

1. d4 Nf6 2. c4 e6 3. Nc3 Bb4 4. e3 O-O 5. Bd3 d5 6. cxd5 exd5 7. Ne2 Re8 8. O-O
Bd6 9. Bd2 b6 10. Rc1 a6 11. Nf4 Bb7 12. Qf3 Ne4 13. Rfd1 Qg5 14. g3 Nd7 15.
Ncxd5 Nxd2 16. Ne7+ Qxe7 17. Qxb7 Ne4 18. Nd5 Qe6 19. Nxc7 Bxc7 20. Rxc7 Nd6 21.
Qc6 Nf6 22. Bc2 Rac8 23. Bb3 Rxc7 24. Qxc7 Qd7 25. Qxb6 Nde4 26. Qxa6 Qf5 27.
Qe2 Ng5 28. h4 Nge4 29. Kg2 Qa5 30. d5 Nc5 31. Bc4 Ncd7 32. d6 Qc5 33. Bb3 Ne4
34. Qf3 Nef6 1-0

[Event "Lindores Abbey Tal Mem"]
[Site "Riga LAT"]
[Date "2021.11.08"]
[Round "7.59"]
[White "Eizaguerri Floris, Maria"]
[Black "Vantika, Agrawal"]
[Result "1-0"]
[WhiteTitle "FM"]
[BlackTitle "WIM"]
[WhiteElo "2328"]
[BlackElo "2329"]
[WhiteFideId "32065752"]
[BlackFideId "25050389"]
[EventDate "2021.11.08"]

1. e4 c5 2. Nf3 d6 3. Bb5+ Nd7 4. Ba4 Nf6 5. O-O e6 6. Re1 a6 7. c4 Be7 8. d4
cxd4 9. Nxd4 O-O 10. Nc3 Qc7 11. Qe2 Ne5 12. Bb3 Re8 13. h3 Bd7 14. f4 Nc6 15.
Be3 Nxd4 16. Bxd4 e5 17. Be3 exf4 18. Bxf4 Qc5+ 19. Qf2 Qxf2+ 20. Kxf2 b5 21.
cxb5 axb5 22. Rad1 b4 23. Nd5 Nxd5 24. Bxd5 Rac8 25. Rc1 Be6 26. Red1 Bxd5 27.
exd5 Bh4+ 28. g3 Bf6 29. Rxc8 Rxc8 30. Bxd6 Rc2+ 31. Kf3 Rxb2 32. Bc7 Rxa2 33.
d6 Ra3+ 34. Ke4 h5 35. d7 b3 36. d8=Q+ Bxd8 37. Rxd8+ Kh7 38. Rb8 h4 39. gxh4 b2
40. Rxb2 Rxh3 41. Rh2 Ra3 42. Be5 f6 43. Bf4 Ra4+ 44. Kf3 Ra3+ 45. Be3 Rb3 46.
Rg2 Ra3 47. Ke4 Ra4+ 48. Bd4 Rb4 49. Rg4 Ra4 50. Kf5 Ra5+ 51. Ke6 Ra4 52. Kf7 g5
53. Kxf6 gxh4 54. Kf7 Kh6 55. Be3+ Kh5 56. Rxa4 h3 57. Bf4 Kg4 58. Bc7+ Kf3 59.
Ra3+ Kg2 60. Ra2+ Kf3 61. Rh2 Kg4 62. Kf6 Kh4 63. Kf5 Kh5 64. Rxh3# 1-0

[Event "Lindores Abbey Tal Mem"]
[Site "Riga LAT"]
[Date "2021.11.08"]
[Round "8.16"]
[White "Bartel, Mateusz"]
[Black "Matlakov, Maxim"]
[Result "1-0"]
[WhiteTitle "GM"]
[BlackTitle "GM"]
[WhiteElo "2619"]
[BlackElo "2691"]
[WhiteFideId "1112635"]
[BlackFideId "4168003"]
[EventDate "2021.11.08"]

1. e4 c5 2. Nf3 d6 3. Bb5+ Nd7 4. Ba4 Nf6 5. O-O a6 6. c4 e6 7. Nc3 Be7 8. d3
O-O 9. a3 b6 10. b4 Bb7 11. Rb1 Qc7 12. Re1 h6 13. Bf4 Rad8 14. bxc5 bxc5 15.
Re2 Ba8 16. Reb2 Ng4 17. Bxd7 Rxd7 18. Qa4 Bf6 19. Rb3 Bc6 20. Qxa6 Ra8 21. Qb6
Qxb6 22. Rxb6 Rxa3 23. Nb5 Bxb5 24. cxb5 Rxd3 25. Rb8+ Kh7 26. b6 g5 27. h3 gxf4
28. hxg4 Rd8 29. Rxd8 Bxd8 30. b7 Bc7 31. b8=Q Bxb8 32. Rxb8 Kg7 33. Rc8 Rd1+
34. Kh2 Rf1 35. Rd8 Rd1 36. g3 Rd3 37. Kg2 fxg3 38. Kxg3 c4 39. Rc8 d5 40. exd5
exd5 41. Kf4 Kf6 42. Rc6+ Ke7 43. Ne5 Rd2 44. Ke3 Rd1 45. f4 d4+ 46. Ke2 1-0

[Event "Lindores Abbey Tal Mem"]
[Site "Riga LAT"]
[Date "2021.11.08"]
[Round "8.19"]
[White "Vokhidov, Shamsiddin"]
[Black "Navara, David"]
[Result "0-1"]
[WhiteTitle "GM"]
[BlackTitle "GM"]
[WhiteElo "2521"]
[BlackElo "2699"]
[WhiteFideId "14204223"]
[BlackFideId "309095"]
[EventDate "2021.11.08"]

1. e4 c5 2. Nf3 d6 3. Bb5+ Nd7 4. d4 cxd4 5. Nxd4 Nf6 6. Bd3 Nc5 7. Nc3 e6 8.
O-O Be7 9. Re1 O-O 10. Nb3 Nxd3 11. Qxd3 a6 12. Bf4 h6 13. Rad1 e5 14. Bg3 Bg4
15. Rd2 Rc8 16. Bh4 g5 17. Bg3 Be6 18. Qe3 b5 19. a3 Rc4 20. Rd3 b4 21. axb4
Rxb4 22. Nc5 Bc4 23. Rd2 Rxb2 24. Nd3 Bxd3 25. Qxd3 Qa5 26. h4 Rc8 27. Nd1 Rcxc2
28. Rde2 Rxe2 29. Rxe2 Rxe2 30. Qxe2 Qb5 31. Qc2 Qb4 32. hxg5 Qe1+ 33. Kh2 Ng4+
34. Kh3 h5 35. Bh4 Qh1+ 36. Kg3 Qh2+ 37. Kf3 Qxh4 38. g6 Qf6+ 39. Ke2 Qxg6 40.
f3 Nf6 41. Ne3 Bf8 42. Qc8 a5 43. Kf1 Qg5 44. Nf5 Nh7 45. Nxd6 a4 46. Qe8 Qe7 0-1

[Event "Lindores Abbey Tal Mem"]
[Site "Riga LAT"]
[Date "2021.11.08"]
[Round "8.43"]
[White "Tabatabaei, M. Amin"]
[Black "Dzagnidze, Nana"]
[Result "1-0"]
[WhiteTitle "GM"]
[BlackTitle "GM"]
[WhiteElo "2639"]
[BlackElo "2524"]
[WhiteFideId "12521213"]
[BlackFideId "13601903"]
[EventDate "2021.11.08"]

1. e4 c5 2. Nf3 d6 3. Bb5+ Nd7 4. d4 cxd4 5. Nxd4 Nf6 6. Bd3 e6 7. O-O Be7 8. c4
a6 9. Nc3 Qc7 10. Re1 b6 11. Be3 Bb7 12. Rc1 O-O 13. f3 Rac8 14. b4 Qb8 15. Bf1
Rfe8 16. Qb3 Bd8 17. Kh1 Bc7 18. Bg1 Qa8 19. a4 Nf8 20. Rcd1 h5 21. b5 a5 22.
Nc6 N8d7 23. Qc2 Bxc6 24. bxc6 Qxc6 25. Nb5 Nc5 26. Rd2 Bb8 27. Red1 Nb7 28. Qb3
Nd7 29. Qe3 Ndc5 30. Ra2 Nd7 31. Qg5 Nf6 32. Bd4 e5 33. Bf2 Nc5 34. Qe3 Rcd8 35.
Bh4 Ncd7 36. Rad2 Re6 37. Nc3 Rc8 38. Nd5 Qc5 39. Qg5 Qa3 40. Ne3 Qxa4 41. Nf5
g6 42. Ne3 Qa3 43. Rd3 Qc5 44. Qh6 Bc7 45. Nd5 Bd8 46. Bg3 a4 47. Be1 a3 48. Bb4
Qc6 49. Bxa3 Qa8 50. Bxd6 Rxd6 51. Nxf6+ Rxf6 52. Rxd7 Qa2 53. Rxd8+ 1-0

[Event "Lindores Abbey Tal Mem"]
[Site "Riga LAT"]
[Date "2021.11.08"]
[Round "8.49"]
[White "Tregubov, Pavel V."]
[Black "Golsta, Madara"]
[Result "1-0"]
[WhiteTitle "GM"]
[WhiteElo "2537"]
[BlackElo "2003"]
[WhiteFideId "4115341"]
[BlackFideId "11607386"]
[EventDate "2021.11.08"]

1. e4 c5 2. Nf3 d6 3. Bb5+ Nd7 4. Ba4 Nf6 5. O-O g6 6. Re1 Bg7 7. c3 O-O 8. d4
a6 9. h3 b5 10. Bc2 e5 11. a4 Bb7 12. d5 c4 13. Nbd2 Nc5 14. a5 Nh5 15. b3 cxb3
16. Nxb3 Rc8 17. Nxc5 Rxc5 18. Ra3 h6 19. g3 f5 20. Nh4 Nf4 21. Bxf4 exf4 22.
Nxg6 fxg3 23. Nxf8 gxf2+ 24. Kxf2 Qxf8 25. exf5 Rxd5 26. Qg4 Rd2+ 27. Re2 Rxe2+
28. Qxe2 Bd5 29. Be4 Qf7 30. Bxd5 Qxd5 31. Qe6+ Qxe6 32. fxe6 Kf8 33. c4 b4 34.
Rf3+ Ke8 35. Rf7 Bd4+ 36. Kf3 b3 37. Rb7 b2 38. Ke4 Be5 39. c5 1-0

[Event "Lindores Abbey Tal Mem"]
[Site "Riga LAT"]
[Date "2021.11.08"]
[Round "9.7"]
[White "Bartel, Mateusz"]
[Black "Dubov, Daniil"]
[Result "0-1"]
[WhiteTitle "GM"]
[BlackTitle "GM"]
[WhiteElo "2619"]
[BlackElo "2714"]
[WhiteFideId "1112635"]
[BlackFideId "24126055"]
[EventDate "2021.11.08"]

1. e4 c5 2. Nc3 d6 3. Nf3 Nf6 4. e5 dxe5 5. Nxe5 a6 6. g3 Qd6 7. Nc4 Qc6 8. f3
b5 9. Ne3 Bb7 10. Bg2 e6 11. d3 Nbd7 12. Qe2 Be7 13. b3 O-O 14. Bb2 Qc7 15. O-O
Rfe8 16. Ne4 Bc6 17. Ng4 Nd5 18. c4 N5b6 19. Qe3 e5 20. f4 f5 21. fxe5 fxg4 22.
e6 Nf8 23. Rf7 Nxe6 24. Raf1 Rf8 25. Ng5 Bxg5 26. Qxe6 Rxf7 27. Bxc6 Rf8 28. Rf5
Qe7 29. Rxf7 0-1

[Event "Lindores Abbey Tal Mem"]
[Site "Riga LAT"]
[Date "2021.11.08"]
[Round "9.10"]
[White "Pichot, Alan"]
[Black "Korobov, Anton"]
[Result "0-1"]
[WhiteTitle "GM"]
[BlackTitle "GM"]
[WhiteElo "2630"]
[BlackElo "2684"]
[WhiteFideId "110973"]
[BlackFideId "14105730"]
[EventDate "2021.11.08"]

1. e4 c5 2. Nf3 d6 3. d4 cxd4 4. Nxd4 Nf6 5. Nc3 a6 6. Bg5 e6 7. f4 Qc7 8. Bxf6
gxf6 9. Qf3 Nc6 10. O-O-O Bd7 11. f5 Nxd4 12. Rxd4 Qc5 13. Rd1 Be7 14. fxe6 fxe6
15. Bd3 O-O-O 16. Ne2 Rdg8 17. Nf4 h5 18. Kb1 h4 19. Qe2 Qe5 20. Rhf1 Kb8 21.
Bc4 Rg5 22. Rf3 Rhg8 23. a3 Rg4 24. Qd2 Qxe4 25. Bxe6 Bxe6 26. Re1 Rxg2 27. Rxe4
Rxd2 28. Rxe6 Bd8 29. h3 Bb6 30. Rb3 Ka7 31. Rxf6 Rg1+ 32. Ka2 Rf1 33. Nd5 Rxf6
34. Nxf6 Rxc2 35. Ne4 d5 36. Nd6 Bc7 37. Nxb7 d4 38. Kb1 Rc6 39. a4 d3 40. Rxd3
Kxb7 41. Rd4 Bg3 42. Ka2 a5 43. Kb3 Rb6+ 44. Kc2 Rb4 45. Rxb4+ axb4 46. Kb3 Be1
47. Kc4 Kc6 48. a5 Kb7 49. Kb5 Bc3 50. b3 Be1 51. a6+ Kc7 52. Kc5 Kd7 53. a7
Bf2+ 54. Kxb4 Bxa7 55. Kc3 Kd6 56. Kd3 0-1

[Event "Lindores Abbey Tal Mem"]
[Site "Riga LAT"]
[Date "2021.11.08"]
[Round "9.12"]
[White "Aronian, Levon"]
[Black "Movsesian, Sergei"]
[Result "1-0"]
[WhiteTitle "GM"]
[BlackTitle "GM"]
[WhiteElo "2782"]
[BlackElo "2618"]
[WhiteFideId "13300474"]
[BlackFideId "310204"]
[EventDate "2021.11.08"]

1. d4 Nf6 2. Bf4 e6 3. e3 c5 4. Nf3 d5 5. Nbd2 Bd6 6. dxc5 Bxc5 7. c4 Nc6 8. a3
a6 9. Rc1 Ba7 10. Be2 O-O 11. O-O Qe7 12. cxd5 Nxd5 13. Bg5 f6 14. Bh4 Rd8 15.
Qb3 Na5 16. Qa4 b5 17. Qc2 Bb7 18. Bd3 g5 19. Bg3 Rac8 20. Qb1 Rxc1 21. Rxc1 e5
22. b4 Nc6 23. Bf5 Kh8 24. Qb3 h5 25. h3 h4 26. Bh2 Qe8 27. Ne4 Nce7 28. Nxf6
Nxf6 29. Bxe5 Ng8 30. Nxg5 Bd5 31. Qb2 Qf8 32. Rc7 1-0

[Event "Lindores Abbey Tal Mem"]
[Site "Riga LAT"]
[Date "2021.11.08"]
[Round "9.23"]
[White "Sjugirov, Sanan"]
[Black "Henriquez Villagra, Cristobal"]
[Result "1/2-1/2"]
[WhiteTitle "GM"]
[BlackTitle "GM"]
[WhiteElo "2663"]
[BlackElo "2608"]
[WhiteFideId "4189302"]
[BlackFideId "3409350"]
[EventDate "2021.11.08"]

1. e4 c6 2. d4 d5 3. e5 Bf5 4. Nd2 e6 5. Nb3 Ne7 6. Nf3 h6 7. Be2 Nd7 8. O-O g5
9. Bd2 a5 10. a4 Qc7 11. Rc1 Bg7 12. Ne1 O-O 13. f4 f6 14. Nd3 Bxd3 15. Bxd3
gxf4 16. Qg4 fxe5 17. Qxe6+ Rf7 18. dxe5 Bxe5 19. Rce1 Rf8 20. Nxa5 b6 21. Nb3
Qd6 22. Qxd6 Bxd6 23. Re6 Rf6 24. Rfe1 Kf7 25. Rxf6+ Kxf6 26. Be2 c5 27. c4 d4
28. Nc1 Ng6 29. Nd3 Nde5 30. Nxf4 Nxf4 31. Bxf4 Nf3+ 32. Bxf3 Bxf4 33. Kf1 Be3
34. Ke2 Rf7 35. b3 Ke5 36. Kd3 Rg7 37. Re2 Rg5 38. Ra2 h5 39. a5 bxa5 40. Rxa5
Kf4 41. Ra6 Rf5 42. Re6 Kg5 43. Re8 h4 44. Rg8+ Kf6 45. Rh8 Bg5 46. Rc8 Re5 47.
Rc6+ Ke7 48. Be4 Kd7 49. Rg6 Bf4 50. g3 hxg3 51. hxg3 Be3 52. Rg7+ Kd6 53. Rg6+
Kc7 54. Rc6+ Kd7 55. Bd5 Rg5 56. Rxc5 Rxg3 57. Ra5 Bg1+ 58. Ke4 Rxb3 59. c5 Rc3
60. Ra7+ Kd8 61. c6 d3 62. Rd7+ Kc8 63. Rg7 Bb6 64. Be6+ Kd8 65. Rd7+ Ke8 66.
Bf7+ Kf8 67. Be6 Rxc6 68. Bf5 Rc3 69. Rxd3 1/2-1/2

[Event "Lindores Abbey Tal Mem"]
[Site "Riga LAT"]
[Date "2021.11.08"]
[Round "9.37"]
[White "Neiksans, Arturs"]
[Black "Kuybokarov, Temur"]
[Result "1-0"]
[WhiteTitle "GM"]
[BlackTitle "GM"]
[WhiteElo "2575"]
[BlackElo "2549"]
[WhiteFideId "11601388"]
[BlackFideId "14203049"]
[EventDate "2021.11.08"]

1. e4 e5 2. Nf3 Nc6 3. Bb5 a6 4. Ba4 Nf6 5. O-O Bc5 6. d3 d6 7. c3 O-O 8. Nbd2
Ba7 9. h3 h6 10. Re1 Ne7 11. Nf1 Ng6 12. Ng3 b5 13. Bc2 Bb7 14. a4 Re8 15. b4 d5
16. Bb2 Nf4 17. Qd2 dxe4 18. dxe4 Qxd2 19. Nxd2 Rad8 20. Nb3 Bb6 21. axb5 axb5
22. Red1 h5 23. Nc5 Bxc5 24. bxc5 h4 25. Nf5 Bxe4 26. Bxe4 Nxe4 27. Nxh4 Nxc5
28. Nf5 Ncd3 1-0

[Event "Lindores Abbey Tal Mem"]
[Site "Riga LAT"]
[Date "2021.11.08"]
[Round "10.12"]
[White "Movsesian, Sergei"]
[Black "Aronian, Levon"]
[Result "1/2-1/2"]
[WhiteTitle "GM"]
[BlackTitle "GM"]
[WhiteElo "2618"]
[BlackElo "2782"]
[WhiteFideId "310204"]
[BlackFideId "13300474"]
[EventDate "2021.11.08"]

1. e4 e5 2. Nf3 Nc6 3. Bc4 Bc5 4. d3 Nf6 5. a4 O-O 6. a5 d5 7. exd5 Nxd5 8. O-O
Bg4 9. h3 Bh5 10. Nbd2 Nf6 11. c3 a6 12. Re1 Ba7 13. Qb3 Bg6 14. Ne4 Nxe4 15.
dxe4 Rb8 16. Bg5 Qe8 17. Nh4 Bh5 18. Nf5 Kh8 19. Qa3 f6 20. Be3 Bxe3 21. Nxe3
Qe7 22. Qa4 Na7 23. b4 Rfd8 24. Qc2 Nb5 25. f3 Bf7 26. Qb3 Nd6 27. Bxf7 Qxf7 28.
Qxf7 Nxf7 29. Red1 Kg8 30. Nd5 c6 31. Nb6 Rxd1+ 32. Rxd1 Rd8 33. Rxd8+ Nxd8 34.
Kf2 Kf7 35. Ke3 Ke7 36. Nc8+ Kd7 37. Nb6+ Ke7 38. Nc8+ Kd7 1/2-1/2

[Event "Lindores Abbey Tal Mem"]
[Site "Riga LAT"]
[Date "2021.11.08"]
[Round "11.28"]
[White "Fedoseev, Vladimir3"]
[Black "Muzychuk, Mariya"]
[Result "1-0"]
[WhiteTitle "GM"]
[BlackTitle "GM"]
[WhiteElo "2704"]
[BlackElo "2536"]
[WhiteFideId "24130737"]
[BlackFideId "14114550"]
[EventDate "2021.11.08"]

1. e4 c5 2. h3 Nc6 3. Bb5 Nd4 4. Bc4 e6 5. c3 Nc6 6. Nf3 d5 7. exd5 exd5 8. Qe2+
Be7 9. Bb5 Nf6 10. Ne5 Bd7 11. Bxc6 Bxc6 12. Nxc6 bxc6 13. O-O O-O 14. d3 Re8
15. Qc2 h6 16. Be3 Bd6 17. Nd2 Nd7 18. d4 Qf6 19. Rfe1 Re6 20. Nf3 Rae8 21. Bd2
cxd4 22. Rxe6 Rxe6 23. cxd4 c5 24. Qa4 Nf8 25. Qxa7 c4 26. Qb7 Qf5 27. Bb4 1-0

[Event "Lindores Abbey Tal Mem"]
[Site "Riga LAT"]
[Date "2021.11.08"]
[Round "11.46"]
[White "Tregubov, Pavel V."]
[Black "Divya, Deshmukh"]
[Result "0-1"]
[WhiteTitle "GM"]
[BlackTitle "WIM"]
[WhiteElo "2537"]
[BlackElo "2310"]
[WhiteFideId "4115341"]
[BlackFideId "35006916"]
[EventDate "2021.11.08"]

1. e4 c5 2. Nf3 d6 3. Bb5+ Nd7 4. Ba4 Nf6 5. O-O a6 6. c4 g6 7. Nc3 Bg7 8. d4
cxd4 9. Nxd4 O-O 10. Re1 Qc7 11. Bb3 Ne5 12. Bg5 Be6 13. Rc1 Kh8 14. Nd5 Bxd5
15. cxd5 Qb6 16. h3 Rac8 17. Be3 Rxc1 18. Qxc1 Nd3 19. Qd1 Nxe1 20. Ne6 Qb4 21.
Nxf8 Nxg2 22. Kxg2 Qxe4+ 23. Qf3 Qxf3+ 24. Kxf3 Bxf8 25. a4 Nd7 26. a5 Bg7 27.
Ba4 Ne5+ 28. Ke2 Nc4 29. Bc6 Nxa5 30. Be8 Kg8 31. b4 Nc4 32. Ba7 Kf8 33. Bd7 Bc3
34. Bc8 Bxb4 35. Bxb7 a5 36. Ba6 Nb2 37. Bd4 Na4 38. Bb5 Nc3+ 39. Bxc3 Bxc3 40.
f3 Kg7 41. Kd3 Bb4 42. Ke4 Kf6 43. Be8 e6 44. Bc6 Bc5 45. Be8 Ke7 46. Ba4 f5+
47. Kd3 e5 48. Bc6 Kf6 49. Ke2 Kg5 50. Be8 Kf4 51. Ba4 e4 52. fxe4 Kxe4 53. Bc6
Kf4 54. Bd7 Kg3 0-1

[Event "Lindores Abbey Tal Mem"]
[Site "Riga LAT"]
[Date "2021.11.08"]
[Round "12.17"]
[White "Nihal, Sarin"]
[Black "Sargissian, Gabriel"]
[Result "1-0"]
[WhiteTitle "GM"]
[BlackTitle "GM"]
[WhiteElo "2650"]
[BlackElo "2664"]
[WhiteFideId "25092340"]
[BlackFideId "13300881"]
[EventDate "2021.11.08"]

1. d4 Nf6 2. Bf4 d5 3. e3 Bf5 4. c4 e6 5. Nc3 Bb4 6. Bd3 Bxd3 7. Qxd3 O-O 8. Ne2
c5 9. dxc5 Na6 10. Bd6 Re8 11. O-O dxc4 12. Qxc4 Rc8 13. Rfd1 Qa5 14. Qb5 Nxc5
15. Rac1 a6 16. Qxa5 Bxa5 17. f3 Ncd7 18. e4 Bb6+ 19. Kf1 Be3 20. Rb1 g5 21. Bg3
Nb6 22. b3 Nh5 23. Bf2 Bxf2 24. Kxf2 Red8 25. Rxd8+ Rxd8 26. Ke3 Nf6 27. Rc1 Rc8
28. Rd1 Kf8 29. Rc1 Nfd7 30. Rd1 Ke7 31. g3 h6 32. Rc1 Ne5 33. a4 Rd8 34. Rd1
Rxd1 35. Nxd1 Nc6 36. Ndc3 Nd7 37. Nd4 Nxd4 38. Kxd4 f6 39. f4 e5+ 40. fxe5 Nxe5
41. Nd5+ Ke6 42. Kc5 Nf3 43. Kb6 Nxh2 44. Kxb7 h5 45. Kxa6 Nf1 46. a5 Nxg3 47.
Kb6 Nxe4 48. a6 Nd6 49. Nc7+ Kd7 50. Nd5 g4 51. Nxf6+ Ke6 52. Nxh5 Kd7 53. Nf6+
Kc8 54. a7 1-0

[Event "Lindores Abbey Tal Mem"]
[Site "Riga LAT"]
[Date "2021.11.08"]
[Round "13.25"]
[White "Vokhidov, Shamsiddin"]
[Black "Bluebaum, Matthias"]
[Result "1/2-1/2"]
[WhiteTitle "GM"]
[BlackTitle "GM"]
[WhiteElo "2521"]
[BlackElo "2647"]
[WhiteFideId "14204223"]
[BlackFideId "24651516"]
[EventDate "2021.11.08"]

1. e4 e6 2. d4 d5 3. Nc3 Nf6 4. Bg5 h6 5. Bxf6 Qxf6 6. exd5 Bb4 7. Bc4 O-O 8.
Ne2 exd5 9. Bxd5 Rd8 10. O-O Bxc3 11. Nxc3 Nc6 12. Bxc6 bxc6 13. Ne4 Qxd4 14. c3
Qd5 15. c4 Qd4 16. b3 Bf5 17. Qxd4 Rxd4 18. Nc5 Rad8 19. Rfe1 Kf8 20. Kf1 Rd2
21. Re2 Bd3 22. Nxd3 R8xd3 23. Ke1 Rxe2+ 24. Kxe2 Rd6 25. Rd1 Re6+ 26. Kf1 Rd6
27. Rxd6 cxd6 28. b4 Ke7 29. Ke2 c5 30. b5 d5 31. cxd5 Kd6 32. Kd3 Kxd5 33. Kc3
c4 34. a3 Kc5 35. a4 Kd5 36. a5 Kc5 37. b6 axb6 38. a6 Kc6 39. Kxc4 b5+ 40. Kb4
Kb6 41. a7 Kxa7 42. Kxb5 Kb7 43. Kc5 Kc7 44. Kd5 Kd7 45. Ke5 Ke7 46. h4 Kd7 47.
g4 Ke7 48. f4 Kd7 49. f5 Ke7 50. f6+ gxf6+ 51. Kf5 Ke8 52. Kxf6 Kf8 53. h5 Kg8
54. g5 hxg5 55. Kxg5 Kh7 56. Kf6 Kh6 57. Kxf7 Kxh5 1/2-1/2

[Event "Lindores Abbey Tal Mem"]
[Site "Riga LAT"]
[Date "2021.11.08"]
[Round "13.27"]
[White "Niemann, Hans Moke"]
[Black "Ponkratov, Pavel"]
[Result "1-0"]
[WhiteTitle "GM"]
[BlackTitle "GM"]
[WhiteElo "2635"]
[BlackElo "2662"]
[WhiteFideId "2093596"]
[BlackFideId "4157800"]
[EventDate "2021.11.08"]

1. c4 Nf6 2. Nc3 e5 3. Nf3 Nc6 4. e3 g6 5. d4 exd4 6. exd4 Bg7 7. d5 Ne7 8. Be2
O-O 9. O-O d6 10. h3 Re8 11. Re1 h6 12. Bf1 g5 13. Nd4 Nf5 14. Nxf5 Bxf5 15. Be3
Nd7 16. Rc1 a6 17. b4 Bg6 18. c5 Ne5 19. c6 b5 20. a4 Nc4 21. Bxc4 bxc4 22. b5
axb5 23. axb5 Ra3 24. Qd2 Qf6 25. Ne2 c3 26. Qd1 Rxe3 27. fxe3 Qe7 28. Nd4 Be4
29. b6 cxb6 30. Nb5 Ra2 31. Re2 c2 32. Qd2 Rb2 33. c7 Bf5 34. Nd4 Bxd4 35. Qxd4
Rb1 36. Rxc2 Rxc1+ 37. Rxc1 Bc8 38. Qxb6 1-0

[Event "Lindores Abbey Tal Mem"]
[Site "Riga LAT"]
[Date "2021.11.08"]
[Round "13.42"]
[White "Neiksans, Arturs"]
[Black "Rakotomaharo, Fy Antenaina"]
[Result "0-1"]
[WhiteTitle "GM"]
[BlackTitle "IM"]
[WhiteElo "2575"]
[BlackElo "2487"]
[WhiteFideId "11601388"]
[BlackFideId "13100050"]
[EventDate "2021.11.08"]

1. e4 e5 2. Nf3 Nc6 3. Bb5 a6 4. Ba4 Nf6 5. O-O Bc5 6. d3 d6 7. c3 O-O 8. h3 Ba7
9. Re1 Ne7 10. d4 Ng6 11. Nbd2 b5 12. Bc2 c5 13. d5 c4 14. a4 Bd7 15. Nf1 h6 16.
Ng3 Nh7 17. Be3 Bxe3 18. Rxe3 Nf4 19. Re1 Ng5 20. Nh2 Qf6 21. Qd2 h5 22. Kh1 h4
23. Ngf1 Nxg2 24. Kxg2 Bxh3+ 25. Kh1 Nf3 26. Qe3 Nxe1 27. Rxe1 Bd7 28. a5 Rab8
29. Nd2 Rfc8 30. Rf1 b4 31. f4 bxc3 32. bxc3 Rb2 33. fxe5 Qxe5 34. Ndf3 Qg3 35.
Rg1 Qh3 36. Qg5 g6 37. Bd1 Rb1 38. Nxh4 Rb2 39. Nf3 Re8 40. Qf4 Rf2 41. Qxd6
Rxe4 42. Ng5 Qh4 43. Nxe4 Qxe4+ 44. Bf3 Rxf3 45. Nxf3 Qxf3+ 46. Rg2 Bh3 47. Qd8+
Kg7 48. Qg5 Qxg2+ 49. Qxg2 0-1